Introduction To Quantitative Methods (Record no. 317284)

MARC details
000 -LEADER
fixed length control field 00385nam a2200157Ia 4500
008 - FIXED-LENGTH DATA ELEMENTS--GENERAL INFORMATION
fixed length control field 230718s9999 xx 000 0 und d
041 ## - LANGUAGE CODE
Language code of text/sound track or separate title eng
082 ## - DEWEY DECIMAL CLASSIFICATION NUMBER
Classification number 001.42
Item number ICF
100 ## - MAIN ENTRY--PERSONAL NAME
Personal name Icfai
245 ## - TITLE STATEMENT
Title Introduction To Quantitative Methods
250 ## - EDITION STATEMENT
Edition statement 3rd ed.
260 ## - PUBLICATION, DISTRIBUTION, ETC. (IMPRINT)
Name of publisher, distributor, etc. Icfai Books
365 ## - TRADE PRICE
Currency code Rs.
Price amount 500.00
700 ## - ADDED ENTRY--PERSONAL NAME
Personal name Icfai
906 ## - LOCAL DATA ELEMENT F, LDF (RLIN)
d B:107080031709-Jul-2007
c OTH
b 100
Holdings
Withdrawn status Lost status Damaged status Not for loan Home library Current library Date acquired Vendor Budget Code Cost, normal purchase price Bill number Total Checkouts Full call number Barcode Date last seen Discount Cost, replacement price Bill Date Koha item type Original Barcode
        Cummins College of Engineering for Women Pune Cummins College of Engineering for Women Pune 24/07/2007 Varma Book Distributors OTH 400.00 1070800317   001.42 CCEP-BK-28491 18/07/2023 100 500.00 09/07/2007 Books 028491